Wildlife specials the serpent = Τα άγρια ζώα : φίδια & δηλητηριώδη ερπετά.
"Με την τεχνική της mini κάμερας, αυτό το πρωτοποριακό ντοκιμαντέρ αποκαλύπτει όλα τα μυστικά των φιδιών. Επιβλητικές εικόνες από επικίνδυνα, σαρκοβόρα φίδια που επιτίθενται στο θήραμά τους, με τη βοήθεια ψηφιακών εφέ υψηλής τεχνολογίας φτάνουν στα σπίτια μας και ταράζουν την ηρεμία μας! Ανακαλ...
Saved in:
| Other Authors: | |
|---|---|
| Format: | |
| Language: | English Greek |
| Published: |
[S.l.] :
BBC, Prooptiki [Εταιρεία διανομής],
[2002].
|
| Series: | Natural history series
|
| Subjects: | |
| Tags: |
Add Tag
No Tags, Be the first to tag this record!
|
MARC
| LEADER | 00000cgm a2200000 i 4500 | ||
|---|---|---|---|
| 001 | 1/15183 | ||
| 008 | 110927s2002####xx ||| | || ||eng|| | ||
| 035 | |l 10110874 | ||
| 040 | |a GR-MY-UA |b gre |e aacr | ||
| 041 | 0 | |a eng |j gre | |
| 082 | 0 | |a 597.96 |2 (22) | |
| 245 | 1 | 0 | |a Wildlife specials |h [μαγνητοσκόπηση] : |b the serpent = Τα άγρια ζώα : φίδια & δηλητηριώδη ερπετά. |
| 246 | 1 | |i Παράλληλος τίτλος: |a Τα άγρια ζώα |h [μαγνητοσκόπηση] : |b φίδια & δηλητηριώδη ερπετά | |
| 260 | |a [S.l.] : |b BBC, |b Prooptiki [Εταιρεία διανομής], |c [2002]. | ||
| 300 | |a 1 βιντεοδίσκος (96 λεπτ.) : |b ομίλ., έγχρ. ; |c 4 3/4 ίν. | ||
| 490 | 1 | |a Natural history series | |
| 500 | |a Στα αγγλικά με ελληνικούς υπότιτλους. | ||
| 508 | |a Παραγωγή: Μάϊκλ Μπέϊκον. | ||
| 511 | 0 | |a Παρουσίαση: David Attenborough. | |
| 520 | |a "Με την τεχνική της mini κάμερας, αυτό το πρωτοποριακό ντοκιμαντέρ αποκαλύπτει όλα τα μυστικά των φιδιών. Επιβλητικές εικόνες από επικίνδυνα, σαρκοβόρα φίδια που επιτίθενται στο θήραμά τους, με τη βοήθεια ψηφιακών εφέ υψηλής τεχνολογίας φτάνουν στα σπίτια μας και ταράζουν την ηρεμία μας! Ανακαλύψτε ακόμη πως αντιμετωπίζονται ιατρικά οι δαγκωματιές των πιο επικίνδυνων δηλητηριωδών ερπετών του πλανήτη μας". - Περίληψη από τη θήκη. | ||
| 650 | 0 | 0 | |a Snakes. |
| 700 | 1 | |a Attenborough, David, |d 1926- |4 nrt | |
| 830 | 0 | |a Natural history series | |
| 852 | |a INST |b SYROS |c AV |e 20110927 |h 597.96 WIL |p 005500009723 |q 005500009723 |t DVD |y 23 | ||
| 901 | |a BIBL5-2008-1 | ||
| 909 | |a Ε |b 169622 | ||
| 922 | |a 5ΕΛΗ |b 200709 |c ΒΙΒΛΙΟΘΗΚΗ ΣΥΡΟΥ |d ANACO | ||
| 970 | |a ΚΟΝΤΟΥ |b ΠΑΡΑΣΚΕΥΗ |z 2011/09/27 | ||